Illusion one: Fables, fantasies and metafictions

Guardado en:
書目詳細資料
主要作者: Hancock, Geoff
格式: 圖書
語言:Undetermined
出版: Toronto, Canadá AYA 1983
主題:
標簽: 添加標簽
沒有標簽, 成為第一個標記此記錄!

MARC

LEADER 00000nam a2200000Ia 4500
008 170316s9999 xx 000 0 und d
040 |a cru BVZT 
090 |a 818 H-1i v.1 
100 |a Hancock, Geoff 
245 |a Illusion one: Fables, fantasies and metafictions 
260 |a Toronto, Canadá 
260 |b AYA 
260 |c 1983 
300 |a 162 páginas 
650 |a LITERATURA CANADIENSE 
999 |c 6465  |d 6465 
942 |c 15 D  |h 818 H-1i v.1  |2 z